hard countries - Statistics

General Stats
  • This quiz has been taken 11 times
  • The average score is 18 of 28
Answers on the Map
Answers color-coded by a green-red scale on the quiz's map according to % correct below.
 
Answer Stats
Answer % Correct
East Timor
90%
Kiribati
80%
Nauru
80%
Tonga
80%
Antigua and Barbuda
70%
Comoros
70%
Djibouti
70%
Palau
70%
São Tomé and Príncipe
70%
Tuvalu
70%
Zambia
70%
Zimbabwe
70%
Botswana
60%
Brunei
60%
Cameroon
60%
Gabon
60%
Grenada
60%
Malawi
60%
Namibia
60%
Rwanda
60%
Uganda
60%
Vanuatu
60%
Barbados
50%
Burundi
50%
Sierra Leone
50%
Angola
40%
Liberia
40%
Ivory Coast
30%
No matching quizzes found
Score Distribution
Percent of People with Each Score
Percentile by Number Answered
Your Score History
You have not taken this quiz